[Event "FIDE Chesscom Grand Swiss 2019"]
[Site "Douglas-Isle of Man"]
[Date "2019.10.12"]
[Round "3.1"]
[White "Shirov, Alexei"]
[Black "Caruana, Fabiano"]
[Result "0-1"]
[WhiteElo "2664"]
[BlackElo "2812"]
[Annotator "RC"]
[PlyCount "104"]
[EventDate "2019.10.10"]
[EventType "swiss"]
[EventCountry "GBR"]
[SourceTitle "playchess.com"]
[Source "ChessBase"]
[SourceQuality "1"]
[TimeControl "40/6000+30:20/3000+30:900+30"]

1. e4 {[%emt 0:00:21]} c5 {[%emt 0:00:00]} 2. Nf3 {[%emt 0:00:05]} d6 {[%emt 0:00:00]} 3. d4 {[%emt 0:04:24]} cxd4 {[%emt 0:00:00]} 4. Nxd4 {[%emt 0:00:04]} Nf6 {[%emt 0:00:00]} 5. Nc3 {[%emt 0:00:05]} a6 {[%emt 0:00:04]} 6. Be3 {[%emt 0:02:05]} Ng4 {[%emt 0:00:58]} 7. Bc1 {[%emt 0:00:08]} Nf6 {[%emt 0:00:06]} 8. Be3 {[%emt 0:00:03]} e5 {[%emt 0:00:11]} 9. Nb3 {[%emt 0:00:33]} Be7 {[%emt 0:00:15]} 10. f3 {[%emt 0:00:58]} Be6 {[%emt 0:00:26]} 11. Qd2 {[%emt 0:00:25]} Nbd7 {[%emt 0:00:20]} 12. g4 {[%emt 0:04:58]} O-O {[%emt 0:00:21]} 13. g5 {[%emt 0:03:04]} Nh5 {[%emt 0:00:08]} 14. Rg1 {[%emt 0:11:01]} b5 {[%emt 0:06:20]} 15. Nd5 {[%emt 0:06:50]} Bxd5 {[%emt 0:04:52]} 16. exd5 {[%emt 0:01:18]} f5 {[%emt 0:09:59]} 17. h4 {[%emt 0:18:12]} Qe8 {[%emt 0:07:41]} 18. O-O-O {[%emt 0:19:26]} Bd8 {[%emt 0:01:14]} 19. Na5 {[%emt 0:10:29]} Bb6 {[%emt 0:03:21]} 20. Nc6 {[%emt 0:00:06]} Nf4 {[%emt 0:06:16]} 21. Bxb6 {[%emt 0:05:42]} Nxb6 {[%emt 0:00:13]} 22. Qb4 {[%emt 0:00:17]} Qd7 {[%emt 0:18:08]} 23. c4 {[%emt 0:00:18]} Kh8 {[%emt 0:05:44]} 24. Kb1 {[%emt 0:01:47]} Rae8 {[%emt 0:04:23]} 25. cxb5 {[%emt 0:00:40]} Nbxd5 {[%emt 0:03:58]} 26. Qb3 {[%emt 0:00:53]} e4 {[%emt 0:10:09]} 27. Rxd5 {[%emt 0:03:30]} Nxd5 {[%emt 0:00:04]} 28. Qxd5 {[%emt 0:00:06]} exf3 {[%emt 0:00:03]} 29. Qd2 {[%emt 0:11:14]} Re4 {[%emt 0:05:23]} 30. Rg3 {[%emt 0:05:17]} Qe6 {[%emt 0:04:56]} 31. Bd3 {[%emt 0:00:18]} Re3 {[%emt 0:11:02]} 32. Rg1 {[%emt 0:00:42]} f2 {[%emt 0:06:09]} 33. Rc1 {[%emt 0:00:07]} axb5 {[%emt 0:00:47]} 34. Nb4 {[%emt 0:00:57]} Rf3 {[%emt 0:00:50]} 35. Bxb5 {[%emt 0:00:32]} Qe4+ {[%emt 0:00:49]} 36. Nc2 {[%emt 0:00:13]} Rc8 {[%emt 0:01:23]} 37. Ba6 {[%emt 0:00:48]} d5 {[%emt 0:00:39]} 38. a3 {[%emt 0:00:31]} d4 {[%emt 0:00:31]} 39. Bxc8 {[%emt 0:00:32]} f1=Q {[%emt 0:00:06]} 40. Rxf1 {[%emt 0:00:09]} Rxf1+ {[%emt 0:00:03]} 41. Ka2 {[%emt 0:50:08]} d3 {[%emt 0:08:40]} 42. Ne3 {[%emt 0:00:00]} Rf3 {[%emt 0:01:24]} 43. Bxf5 {[%emt 0:00:00]} Qxe3 {[%emt 0:00:39]} 44. Qa5 {[%emt 0:00:00]} Qe8 {[%emt 0:01:01]} 45. Qd5 {[%emt 0:00:00]} Qg8 {[%emt 0:04:47]} 46. Be6 {[%emt 0:00:00]} Qf8 {[%emt 0:00:05]} 47. h5 {[%emt 0:00:00]} Re3 {[%emt 0:03:06]} 48. g6 {[%emt 0:00:00]} d2 {[%emt 0:06:47]} 49. Bf7 {[%emt 0:00:00]} Re2 {[%emt 0:01:34]} 50. Qd3 {[%emt 0:00:00]} Rh2 {[%emt 0:01:28]} 51. Qf3 {[%emt 0:00:00]} Rg2 {[%emt 0:03:27]} 52. Qd3 {[%emt 0:00:00]} Qb8 {[%emt 0:01:05]} 0-1

[Event "FIDE Chesscom Grand Swiss 2019"]
[Site "Douglas-Isle of Man"]
[Date "2019.10.12"]
[Round "3.1"]
[White "Vocaturo, Daniele"]
[Black "Howell, David W L"]
[Result "0-1"]
[WhiteElo "2620"]
[BlackElo "2694"]
[Annotator "TA"]
[PlyCount "68"]
[EventDate "2019.10.10"]
[EventType "swiss"]
[EventCountry "GBR"]
[SourceTitle "playchess.com"]
[Source "ChessBase"]
[SourceQuality "1"]

{[%evp 14,68,28,15,31,8,37,43,44,34,54,47,33,46,49,40,37,49,61,65,67,84,106,96,102,96,144,0,0,0,0,0,0,0,0,0,0,-330,364,-329,-308,-423,-418,-420,-415,-409,-409,-1803,-1951,-29990,-29991,-29992,-29981,-29981,-29982,-29973,-12838]} 1. e4 c6 2. d4 d5 3. Nc3 dxe4 4. Nxe4 Nf6 5. Nxf6+ exf6 6. c3 Bd6 7. Bd3 O-O 8. Qc2 Re8+ {B15: Caro-Kann: 3 Nc3: 3...g6 and 3...dxe4 4 Nxe4 Nf6 5 Nxf6+ exf6} 9. Ne2 h5 (9... f5 $5) 10. O-O h4 {White is slightly better.} 11. h3 Nd7 12. Be3 Nf8 13. c4 Bc7 14. Rad1 Qd6 {[%csl Gc7][%cal Rd6h2]} 15. Nf4 $146 ({Predecessor:} 15. Bf4 Rxe2 16. Bxd6 Rxc2 {½-½ (56) Kanmazalp,O (2473)-Motylev,A (2669) Batumi 2018}) 15... Bb8 {Hoping for ...g5.} 16. Rfe1 Bd7 17. Kf1 Ne6 18. Bh7+ Kh8 19. Nxe6 $1 Bxe6 20. Bf5 (20. d5 $1 $16 {[%cal Rd5e6]} cxd5 21. Bf5) 20... Qh2 $11 21. Bxe6 Rxe6 22. d5 cxd5 $1 23. cxd5 Re8 $36 {[%mdl 2048] Black is more active.} 24. Rd4 Kg8 $1 25. Rxh4 $4 {[%mdl 8192]} (25. Rg4 $11 Be5 26. Rxh4) 25... Qh1+ $1 $19 26. Ke2 {[#]} Rxe3+ $1 {[%mdl 64] Deflection} 27. Kxe3 {[%cal Rc2c8]} Qxe1+ 28. Kf3 {[#] Threatening mate with Qc8+.} Bd6 $1 29. Qh7+ Kf8 30. Qh8+ (30. Qc2 $142 Rd8 31. Qe2 Qxe2+ 32. Kxe2) 30... Ke7 {( -> ...Qd1+)} 31. Qxa8 Qd1+ {[%mdl 64] Double Attack. Black mates.} 32. Ke4 Qc2+ 33. Ke3 Bc5+ 34. Rd4 Qxb2 {[%mdl 64] Double Attack, Pin. Accuracy: White = 77%, Black = 78%.} 0-1

[Event "FIDE Chesscom Grand Swiss 2019"]
[Site "Douglas-Isle of Man"]
[Date "2019.10.12"]
[Round "3.2"]
[White "Wang, Hao"]
[Black "Bu, Xiangzhi"]
[Result "1-0"]
[WhiteElo "2726"]
[BlackElo "2721"]
[Annotator "TA"]
[PlyCount "51"]
[EventDate "2019.10.10"]
[EventType "swiss"]
[EventCountry "GBR"]
[SourceTitle "playchess.com"]
[Source "ChessBase"]
[SourceQuality "1"]

{[%evp 13,51,43,34,4,13,8,13,5,13,10,9,0,0,4,12,0,83,89,75,74,220,217,220,212,396,284,264,268,491,479,463,466,760,750,1082,1027,1515,1504,1412,1360]} 1. e4 e5 2. Nf3 Nc6 3. Bc4 Bc5 4. d3 Nf6 5. c3 O-O 6. O-O d5 7. exd5 Nxd5 8. Nbd2 {C54: Giuoco Piano: 4 c3 Nf6, main lines with 5 d4 and 5 d3} (8. Re1 Bg4 9. Nbd2 Nb6 10. h3 Bh5 11. Bb3 Qxd3 12. Nxe5 Qf5 13. Nef3 Rad8 14. Qe2 Nd5 15. Ne4 Bxf3 16. Qxf3 Qxf3 17. gxf3 {½-½ (31) Vachier Lagrave,M (2774)-Aronian,L (2758) Khanty-Mansiysk 2019}) 8... Nb6 9. Bb5 f6 {[#]} 10. d4 $1 {[%mdl 512] The position is equal.} exd4 11. Nb3 $146 ({Predecessor:} 11. Ne4 Be7 12. Bxc6 bxc6 13. Nxd4 Qd7 14. Qb3+ Kh8 15. Re1 c5 {0-1 (43) Fragkou,E (1910)-Kapnisis,S (2523) Nikea 2011}) 11... Qd5 12. Bf4 Bg4 13. Bxc7 Rf7 14. Bg3 Ne5 (14... Nc4 $11) 15. Bxe5 $1 $16 fxe5 {[#]} 16. Be2 $1 Rd8 {[#]} (16... Raf8 $16 {was necessary.}) 17. c4 $1 $18 {[%cal Rc4d5][%mdl 512]} Qd6 ({Don't play} 17... Nxc4 $6 18. Bxc4 Qxc4 19. Rc1) 18. Ng5 $1 {[%csl LRf7,LRg4]} Bf5 $2 (18... Bxe2 19. Qxe2 Rc7) 19. Nxf7 Kxf7 20. Bd3 e4 $2 (20... Bxd3 {keeps fighting.} 21. Nxc5 (21. Qxd3 Kg8 $16) 21... Qxc5 22. Qxd3 Kg8) 21. Nxc5 {White is clearly winning.} Qxc5 22. Qh5+ Kf6 {[#]} (22... Kg8 $142 23. Bxe4 {[%mdl 64] Pin} Rf8) 23. Bxe4 $1 {[%mdl 576] Pin} Na4 (23... Bxe4 24. Qxc5) 24. b4 Qe5 25. f4 Qxe4 26. Rae1 {Accuracy: White = 71%, Black = 32%.} 1-0

[Event "FIDE Chesscom Grand Swiss 2019"]
[Site "Douglas-Isle of Man"]
[Date "2019.10.12"]
[Round "3.2"]
[White "Vallejo Pons, Francisco"]
[Black "Durarbayli, Vasif"]
[Result "1/2-1/2"]
[WhiteElo "2694"]
[BlackElo "2617"]
[Annotator "TA"]
[PlyCount "89"]
[EventDate "2019.10.10"]
[EventType "swiss"]
[EventCountry "GBR"]
[SourceTitle "playchess.com"]
[Source "ChessBase"]
[SourceQuality "1"]

{[%evp 15,89,0,14,9,31,7,19,8,20,12,16,8,12,12,16,16,25,23,20,15,27,23,26,22,25,16,19,24,33,16,16,15,19,25,50,11,20,14,22,19,38,37,39,4,8,8,11,12,16,0,0,0,0,0,0,0,6,7,0,0,0,0,26,30,20,21,17,17,21,10,39,41,89,20,17,0]} 1. e4 e6 2. d4 d5 3. Nc3 Nf6 4. Bg5 dxe4 5. Nxe4 Nbd7 {[%cal Bb8d7,Bd7f6,Bf6d5][%mdl 32]} 6. Nxf6+ $146 ({Predecessor:} 6. Nf3 h6 7. Nxf6+ {½-½ (35) Amonatov,F (2649)-Khismatullin,D (2564) Moscow 2008}) 6... Nxf6 7. Nf3 h6 8. Be3 Nd5 9. Bd2 {C10: French with 3 Nc3: Unusual Black 3rd moves and 3...dxe4} c5 10. Bb5+ Bd7 11. Qe2 Bxb5 12. Qxb5+ {[%mdl 64] [#] Double Attack} Qd7 13. Qxd7+ Kxd7 14. c4 Nf6 15. O-O-O cxd4 16. Nxd4 Rc8 17. b3 Ba3+ 18. Kc2 Ke7 19. Rhe1 Rhd8 20. Ba5 Rd5 21. Bc3 Rg5 $1 {[%cal Rg5g2]} 22. g3 Rh5 23. h4 Kf8 24. f4 Bc5 25. b4 Be7 26. Kb3 a5 $1 27. a3 a4+ $1 28. Kxa4 {Kb3 is the strong threat.} Rxc4 29. Kb3 (29. Nb5 {keeps more tension.} Rxb5 30. Bxf6 Rb6 31. Kb3 Rbc6 32. Bb2) 29... Rc8 30. Nf3 Rd5 31. Rxd5 Nxd5 32. Bd2 Rd8 33. Rc1 Nf6 34. Be1 Ne4 35. Ne5 Bd6 36. a4 g5 37. hxg5 hxg5 38. a5 f6 39. Nc4 Bb8 40. fxg5 fxg5 41. g4 Bf4 42. Rc2 Rd3+ 43. Ka4 Ke7 {[#]} 44. Kb5 (44. b5 $1 $16) 44... Bc7 $11 45. Nd2 {Accuracy: White = 81%, Black = 69%.} 1/2-1/2

[Event "FIDE Chesscom Grand Swiss 2019"]
[Site "Douglas-Isle of Man"]
[Date "2019.10.12"]
[Round "3.3"]
[White "Grandelius, Nils"]
[Black "Paravyan, David"]
[Result "0-1"]
[WhiteElo "2691"]
[BlackElo "2602"]
[Annotator "TA"]
[PlyCount "110"]
[EventDate "2019.10.10"]
[EventType "swiss"]
[EventCountry "GBR"]
[SourceTitle "playchess.com"]
[Source "ChessBase"]
[SourceQuality "1"]

{[%evp 16,110,18,10,18,0,2,0,0,0,0,0,2,0,15,17,15,16,43,20,34,11,6,11,17,0,0,0,0,7,23,30,30,27,31,23,28,13,6,2,2,6,6,2,8,0,18,18,21,14,80,41,87,0,0,0,0,0,0,0,0,0,0,-12,0,0,0,0,-2,-31,-28,-118,-29,-25,-21,-12,-14,-44,-44,-57,-72,-68,-79,-386,-366,-621,-572,-622,-617,-678,-681,-643,-639,-945,-930,-29983,-29984]} 1. e4 e5 2. Nf3 Nc6 3. Bb5 Nf6 4. O-O Nxe4 5. Re1 Nd6 6. Nxe5 Be7 7. Bf1 Nxe5 8. Rxe5 O-O 9. d4 Ne8 {C67: Ruy Lopez: Berlin Defence: 4 0-0 Nxe4} 10. c4 Bf6 11. Re1 d5 {The position is equal.} 12. cxd5 Qxd5 13. Be3 Be6 14. Nc3 {[%cal Bb1c3,Bc3e4,Be4c5][%mdl 32] [#]} Qa5 $146 ({Predecessor:} 14... Qd8 15. d5 Bf5 16. Bd4 Nd6 17. h3 a6 18. a4 Re8 19. Rxe8+ Nxe8 20. a5 Bxd4 21. Qxd4 Qe7 22. Qd2 {½-½ (22) Giri,A (2779)-Nakamura,H (2754) Paris 2019}) 15. a3 c6 16. Ne4 Qd8 17. Nc5 Nd6 18. Bf4 Bd5 19. Be5 Re8 20. Rc1 Bg5 21. Rc3 b6 22. Na6 $1 f6 23. Bxd6 Qxd6 24. Nb4 f5 25. Rxe8+ Rxe8 26. Nxd5 cxd5 27. Qh5 Qg6 28. Qf3 Qf7 29. g3 g6 30. Bd3 Qe6 31. Bb5 Rd8 32. Rc7 Bf6 (32... a5 $11) 33. Rxa7 Rc8 34. Bd7 ({White should try} 34. Qf4 $16) 34... Rc1+ $11 35. Kg2 Qe4 36. Qxe4 dxe4 {[%mdl 4096] Endgame KRB-KRB} 37. Be6+ Kh8 38. Ra8+ Kg7 39. Ra7+ Kh8 40. d5 Rc2 {Hoping for ...e3.} 41. Ra8+ Kg7 {Threatens to win with ...e3.} 42. Ra7+ Kh6 {...e3 is the strong threat.} 43. Bg8 {[#]} (43. h4 $1 $11 {keeps the balance.}) 43... Bd4 (43... Kg5 $1 $17 {aiming for ...Bd4.} 44. d6 (44. Bxh7 Bd4 $17) 44... Bd4) 44. h4 $1 {[%csl Gg8][%cal Ra7h7]} Rxf2+ 45. Kh3 {[%csl Gg8][%cal Ra7h7]} Bg7 46. Re7 Rxb2 47. d6 Rd2 48. d7 b5 $1 49. Be6 $2 {[%mdl 8192] [#]} (49. Rf7 $17) 49... Bf6 $1 $19 {[%cal Rf6e7]} 50. Re8 $2 (50. d8=Q Rxd8 51. Rd7) 50... e3 51. Bb3 e2 52. Bg8 Kg7 53. Bb3 f4 {( -> ...f3)} 54. g4 {White wants to play g5.} Rd3+ {[%mdl 64] Double Attack} 55. Kg2 Bxh4 {Accuracy: White = 45%, Black = 63%.} 0-1

[Event "FIDE Chesscom Grand Swiss 2019"]
[Site "Douglas-Isle of Man"]
[Date "2019.10.12"]
[Round "3.3"]
[White "Adhiban, B.."]
[Black "Wojtaszek, Radoslaw"]
[Result "1/2-1/2"]
[WhiteElo "2639"]
[BlackElo "2748"]
[Annotator "TA"]
[PlyCount "77"]
[EventDate "2019.10.10"]
[EventType "swiss"]
[EventCountry "GBR"]
[SourceTitle "playchess.com"]
[Source "ChessBase"]
[SourceQuality "1"]

{[%evp 13,77,29,47,54,79,24,26,18,14,11,25,11,22,20,17,12,8,5,17,0,16,0,4,0,26,-7,-4,-9,-17,-42,-54,-48,0,0,0,0,9,-33,-22,-21,-25,-64,-29,-25,-16,-33,-23,-24,-66,-45,-10,-13,0,0,0,0,0,0,0,0,0,0,0,0,0,0]} 1. e4 c6 2. d4 d5 3. e5 Bf5 4. Nf3 e6 5. Be2 c5 6. Be3 Qb6 7. Nc3 Nc6 8. O-O {B12: Caro-Kann: Advance Variation} Qxb2 9. Qe1 (9. Nb5 $16 {Strongly threatening Nc7+.} Rc8 10. dxc5) 9... cxd4 $11 10. Bxd4 {White has an edge.} Nxd4 ({Wrong is} 10... Qxc2 $2 11. Rc1 $18) ({But not} 10... Bxc2 $2 11. Nb5 $18) 11. Nxd4 Bb4 12. Rb1 (12. Ndb5 Ba5 13. Rb1 Qxc2 14. Rb3 Ne7 15. Nd6+ Kf8 16. Nxb7 {0-1 (52) Jakovenko,D (2704)-Inarkiev,E (2682) Izhevsk 2019}) 12... Bxc3 13. Rxb2 Bxe1 14. Rxe1 b6 $1 15. Nb5 Kf8 16. Rc1 $146 Ne7 17. c4 g5 18. cxd5 exd5 19. Nd6 Be6 20. h4 gxh4 21. Bh5 Rg8 {And now ...Rg5 would win.} 22. Rb4 Rg7 (22... h3 $5 {[%cal Rg8g2]} 23. g3 a5 $11) 23. Rxh4 Nf5 24. Nxf5 Bxf5 25. Rf4 Rc8 26. Rxc8+ Bxc8 {[%mdl 4096] Endgame KRB-KRB} 27. Rf6 Ke7 (27... Bh3 $5 28. g3 Ke7 $15) 28. Rc6 Bg4 29. Bxg4 Rxg4 {KR-KR} 30. Rc7+ Ke6 31. Rxa7 Rb4 32. Kf1 {The position is equal.} Rb2 33. g4 d4 34. f4 d3 {[#] Threatens to win with ...Rb1+.} 35. Ke1 Rb4 36. f5+ Kxe5 {...Kf6 is the strong threat.} 37. Rxf7 Rxg4 38. Rxh7 Kxf5 39. Kd2 {Accuracy: White = 50%, Black = 69%.} 1/2-1/2

[Event "FIDE Chesscom Grand Swiss 2019"]
[Site "Douglas-Isle of Man"]
[Date "2019.10.12"]
[Round "3.4"]
[White "Carlsen, Magnus"]
[Black "Kasimdzhanov, Rustam"]
[Result "1/2-1/2"]
[WhiteElo "2876"]
[BlackElo "2657"]
[Annotator "TA"]
[PlyCount "109"]
[EventDate "2019.10.10"]
[EventType "swiss"]
[EventCountry "GBR"]
[SourceTitle "playchess.com"]
[Source "ChessBase"]
[SourceQuality "1"]

{[%evp 9,109,5,14,7,21,26,18,12,14,8,17,4,47,37,41,44,54,55,53,52,51,27,43,47,109,95,82,93,99,59,70,64,97,90,87,83,108,115,103,105,99,91,110,120,122,109,93,55,116,116,120,52,47,49,56,35,48,10,21,15,37,36,38,38,39,8,8,8,9,0,15,13,14,0,19,0,0,0,3,0,4,3,12,13,46,46,45,43,52,3,3,3,3,3,4,2,2,2,2,2,3,4]} 1. c4 c5 2. g3 g6 3. Bg2 Bg7 4. Nc3 Nc6 5. Nf3 e6 6. h4 {A37: Symmetrical English vs ...g6: 4 Bg2 Bg7 5 Nf3} Nf6 7. d4 cxd4 8. Nxd4 O-O 9. O-O d5 10. cxd5 Nxd5 11. Bg5 $146 {[%mdl 2048] White is more active.} ({Predecessor:} 11. Nxc6 bxc6 12. Bd2 Nxc3 13. Bxc3 Bxc3 14. bxc3 {½-½ (59) Giri,A (2771)-So,W (2812) Stavanger 2017}) 11... Qa5 12. Nb3 Nxc3 13. Nxa5 Nxd1 14. Nxc6 {Hoping for Ne7+.} Nxb2 15. Ne7+ Kh8 16. Rac1 Bd7 (16... h6 $14 17. Be3 (17. Nxc8 hxg5 18. Bxb7 Rb8 $11) 17... Na4) 17. Bxb7 $16 Rab8 18. Rc7 Bb5 19. Bf3 a6 20. Rfc1 h6 21. Be3 Rbd8 22. Kg2 Kh7 23. Nc6 Rc8 {[#]} 24. Na7 $1 {[%cal Ra7c8]} Rxc7 25. Rxc7 Kg8 26. Nxb5 axb5 27. h5 g5 28. Rb7 Nc4 {[#]} (28... Nd1 $1 $14) 29. Bc5 $1 {[%cal Rc5f8]} ({But not} 29. Rxb5 $6 Nxe3+ 30. fxe3 Rc8 $11) 29... Ra8 30. Be4 ({White should try} 30. Ba7 $16) 30... Be5 $14 31. Bb1 Bd6 32. Ba7 Bf8 33. f4 gxf4 34. gxf4 Na5 35. Rd7 Nc6 36. Bf2 Nb4 37. f5 (37. Be4 $5 {[%cal Re4a8]} Rxa2 38. Rd8 $14) 37... exf5 38. Rd2 Be7 39. Be1 f4 40. Rd7 Bf8 41. Kf1 Bc5 42. Rb7 Nxa2 43. Rxb5 Bd4 44. Rb3 Kg7 45. Rd3 Bf6 46. Bd2 Ra4 47. Rd7 Kg8 48. Rc7 {Black must now prevent Rc2.} Rd4 49. Bxa2 (49. Bd3 {with more complications.} Kg7 50. Bg6 Be5 51. Rxf7+ Kg8 52. Ke1) 49... Rxd2 {The position is equal.} 50. Bxf7+ {KRB-KRB} Kf8 51. Bc4 {aiming for Rf7+.} Bg5 52. Kf2 Rc2 53. Kf3 Rc3+ 54. Ke4 f3 55. exf3 {Accuracy: White = 73%, Black = 63%.} 1/2-1/2

[Event "FIDE Chesscom Grand Swiss 2019"]
[Site "Douglas-Isle of Man"]
[Date "2019.10.12"]
[Round "3.4"]
[White "Kamsky, Gata"]
[Black "Gonzalez Vidal, Yuri"]
[Result "1-0"]
[WhiteElo "2685"]
[BlackElo "2552"]
[Annotator "RC"]
[PlyCount "111"]
[EventDate "2019.10.10"]
[EventType "swiss"]
[EventCountry "GBR"]
[SourceTitle "playchess.com"]
[Source "ChessBase"]
[SourceQuality "1"]
[TimeControl "40/6000+30:20/3000+30:900+30"]

1. g3 {[%emt 0:00:10]} Nf6 {[%emt 0:00:15]} 2. Bg2 {[%emt 0:00:08]} d5 {[%emt 0:00:25]} 3. f4 {[%emt 0:00:09]} g6 {[%emt 0:01:35]} 4. Nf3 {[%emt 0:00:07]} Bg7 {[%emt 0:00:13]} 5. d3 {[%emt 0:00:22]} c5 {[%emt 0:03:11]} 6. O-O {[%emt 0:03:12]} Nc6 {[%emt 0:02:12]} 7. c3 {[%emt 0:00:19]} O-O {[%emt 0:00:38]} 8. Na3 {[%emt 0:01:00]} Rb8 {[%emt 0:10:33]} 9. Ne5 {[%emt 0:00:24]} Nxe5 {[%emt 0:15:10]} 10. fxe5 {[%emt 0:00:06]} Ne8 {[%emt 0:00:20]} 11. d4 {[%emt 0:14:59]} Nc7 {[%emt 0:01:22]} 12. dxc5 {[%emt 0:14:51]} Bxe5 {[%emt 0:01:10]} 13. Bh6 {[%emt 0:00:06]} Re8 {[%emt 0:11:43]} 14. Nc2 {[%emt 0:04:55]} Bh8 {[%emt 0:08:33]} 15. Qd2 {[%emt 0:12:34]} e5 {[%emt 0:02:33]} 16. Rad1 {[%emt 0:02:23]} Qe7 {[%emt 0:03:35]} 17. Nb4 {[%emt 0:07:01]} Be6 {[%emt 0:05:09]} 18. Nxd5 {[%emt 0:02:13]} Nxd5 {[%emt 0:03:19]} 19. Bxd5 {[%emt 0:00:06]} Qxc5+ {[%emt 0:14:13]} 20. Be3 {[%emt 0:00:41]} Qxd5 {[%emt 0:08:53]} 21. Qxd5 {[%emt 0:01:35]} Bxd5 {[%emt 0:00:04]} 22. Rxd5 {[%emt 0:00:05]} Red8 {[%emt 0:01:57]} 23. Rfd1 {[%emt 0:00:38]} Rxd5 {[%emt 0:01:00]} 24. Rxd5 {[%emt 0:00:06]} b6 {[%emt 0:00:21]} 25. Rd7 {[%emt 0:02:47]} a5 {[%emt 0:01:49]} 26. a4 {[%emt 0:07:57]} Bf6 {[%emt 0:00:35]} 27. Kf2 {[%emt 0:02:35]} Kg7 {[%emt 0:00:20]} 28. Kf3 {[%emt 0:01:09]} h5 {[%emt 0:02:34]} 29. h3 {[%emt 0:00:31]} Kf8 {[%emt 0:02:50]} 30. Rd5 {[%emt 0:01:17]} Bd8 {[%emt 0:00:55]} 31. Rxe5 {[%emt 0:00:09]} Bc7 {[%emt 0:00:15]} 32. Bh6+ {[%emt 0:02:59]} Kg8 {[%emt 0:00:02]} 33. Rd5 {[%emt 0:01:02]} Kh7 {[%emt 0:01:32]} 34. Be3 {[%emt 0:00:58]} Kg7 {[%emt 0:00:24]} 35. Bd4+ {[%emt 0:09:32]} Kf8 {[%emt 0:00:14]} 36. Bf6 {[%emt 0:00:05]} Re8 {[%emt 0:00:16]} 37. e4 {[%emt 0:00:28]} Re6 {[%emt 0:00:16]} 38. e5 {[%emt 0:00:06]} Ke8 {[%emt 0:01:05]} 39. Ke4 {[%emt 0:00:29]} Rc6 {[%emt 0:00:22]} 40. Kd4 {[%emt 0:00:11]} Kf8 {[%emt 0:01:10]} 41. g4 {[%emt 0:50:10]} hxg4 {[%emt 0:50:41]} 42. hxg4 {[%emt 0:00:04]} Ke8 {[%emt 0:00:20]} 43. g5 {[%emt 0:06:13]} Kf8 {[%emt 0:01:23]} 44. c4 {[%emt 0:03:59]} Ke8 {[%emt 0:01:18]} 45. Kc3 {[%emt 0:00:06]} Rc5 {[%emt 0:00:00]} 46. b4 {[%emt 0:00:00]} axb4+ {[%emt 0:00:00]} 47. Kxb4 {[%emt 0:00:00]} Ra5 {[%emt 0:00:00]} 48. Rd3 {[%emt 0:00:00]} Ra8 {[%emt 0:00:00]} 49. Rd4 {[%emt 0:00:00]} Ra5 {[%emt 0:00:00]} 50. Rd5 {[%emt 0:02:36]} Rc5 {[%emt 0:00:00]} 51. Rxc5 {[%emt 0:00:00]} bxc5+ {[%emt 0:00:00]} 52. Kxc5 {[%emt 0:00:00]} Kd7 {[%emt 0:00:00]} 53. Kb5 {[%emt 0:00:00]} Bb8 {[%emt 0:00:00]} 54. Kb6 {[%emt 0:00:00]} Kc8 {[%emt 0:00:00]} 55. Kc6 {[%emt 0:00:00]} Bc7 {[%emt 0:00:00]} 56. c5 {[%emt 0:00:00]} 1-0

[Event "FIDE Chesscom Grand Swiss 2019"]
[Site "Douglas-Isle of Man"]
[Date "2019.10.12"]
[Round "3.5"]
[White "Yu, Yangyi"]
[Black "Sarana, Alexey"]
[Result "1/2-1/2"]
[WhiteElo "2763"]
[BlackElo "2655"]
[Annotator "TA"]
[PlyCount "151"]
[EventDate "2019.10.10"]
[EventType "swiss"]
[EventCountry "GBR"]
[SourceTitle "playchess.com"]
[Source "ChessBase"]
[SourceQuality "1"]

{[%evp 15,151,1,-3,0,22,14,11,0,1,0,4,0,0,0,0,12,9,0,0,-14,0,0,0,0,0,0,0,0,0,0,0,0,0,0,0,0,10,0,0,0,0,0,0,0,0,0,6,0,14,0,20,22,37,38,42,43,46,40,37,42,45,37,46,41,56,28,70,65,285,285,285,285,268,268,422,144,198,80,104,80,80,80,80,80,80,80,80,80,76,76,76,76,76,76,76,76,76,76,76,76,76,76,76,76,76,76,74,74,65,36,74,74,74,74,74,74,61,8,8,8,8,8,8,0,0,0,0,0,0,0,0,0,0,0,0,0,0,0]} 1. e4 c5 2. Nf3 d6 3. d4 cxd4 4. Nxd4 Nf6 5. f3 Nc6 6. c4 e6 7. Nc3 Be7 8. Be3 O-O 9. Qc2 {B55: Sicilian: 2...d6 3 d4 cxd4 4 Nxd4 Nf6 5 f3} (9. Be2 d5 10. exd5 exd5 11. c5 Re8 12. Qd2 Bxc5 13. Nxc6 Bxe3 14. Nxd8 Bxd2+ 15. Kxd2 Rxd8 16. Rhd1 d4 17. Nb5 a6 {1-0 (50) McShane,L (2664)-Jones,G (2682) London 2018}) 9... e5 $146 ({Predecessor:} 9... Nxd4 10. Bxd4 e5 11. Be3 a6 12. Be2 Be6 13. O-O Rc8 14. b3 Qc7 15. Rac1 Bd7 16. Rfd1 Rfd8 {1-0 (40) Buil Rello,J (1982)-Pardo Calvo,C (1818) Aragon 2013}) 10. Nxc6 bxc6 11. Rd1 Be6 12. Be2 Qa5 13. O-O d5 14. cxd5 cxd5 15. exd5 Nxd5 16. Nxd5 Bxd5 17. b3 Rfc8 18. Qd2 Qxd2 19. Rxd2 Be6 20. Ba6 Rc7 21. Rdd1 Ba3 22. f4 exf4 23. Rxf4 Bc5 24. Bxc5 Rxc5 25. b4 Rc7 26. Rfd4 {Rd8+ would kill now.} Kf8 27. a4 Ke7 28. Kf2 Rc2+ 29. R1d2 Rxd2+ 30. Rxd2 $11 {[%mdl 4096] Endgame KRB-KRB} Rb8 31. Rd4 Rb6 32. Bb5 Rd6 33. Ke3 Bd5 34. g3 Re6+ 35. Kd3 Re5 36. Bc4 Bb7 37. b5 g5 38. Kc3 f5 39. a5 Be4 40. a6 h5 41. Kb4 h4 $2 (41... Bh1 $14) 42. gxh4 $18 gxh4 43. h3 $1 Kf8 {and the idea ...Ke7 leaves Black hopeful.} 44. Rd6 Re7 (44... Ke7 {is a better defense.} 45. Rh6 Kf8) 45. Kc5 $2 (45. Bd5 $1 $18 {and the rest is easy.}) 45... Kg7 (45... Rc7+ $16 46. Kd4 Ke7 47. Re6+ Kd8) 46. b6 (46. Rc6 $18 {is more deadly.} f4 47. Rd6) 46... axb6+ $16 47. Kxb6 f4 48. a7 f3 49. Rd4 $1 {[%cal Rd4e4]} Ba8 {[#]} 50. Rd8 $1 {[%cal Rd8a8]} Be4 51. a8=Q Bxa8 52. Rxa8 {KRB-KR} Re3 53. Rg8+ Kf6 54. Rf8+ Ke5 55. Kc5 {Bb5 is the strong threat.} Rc3 56. Kb4 Re3 57. Bf1 Kd4 58. Rf7 Kd5 59. Ba6 {Strongly threatening Bb7+.} Kd4 60. Rf4+ Ke5 {[#]} 61. Rf8 $1 Kd4 62. Bb5 Re1 63. Rxf3 {Hoping for Rf8.} Re3 64. Rf4+ Ke5 65. Rf8 {aiming for Bd7.} ({Much worse is} 65. Rxh4 Re4+ 66. Rxe4+ Kxe4 $11) 65... Rxh3 66. Rh8 (66. Kc4 $14) 66... Kf4 $11 {The position is equal.} 67. Bd7 Rh1 68. Kc3 h3 69. Kd2 h2 70. Bc6 Ra1 71. Ke2 Kg3 72. Bd5 Rb1 73. Be4 Ra1 74. Bd5 Rb1 75. Be4 Ra1 76. Bd5 {Accuracy: White = 62%, Black = 72%.} 1/2-1/2